000 00803cam a22002294a 4500
001 sa 65000108
003 DLC
005 20260227112101.0
008 810605s1960 ii b 000 0 hino
010 _asa 65000108
040 _aDLC
_cDLC
050 0 0 _aPK1967.9.V47
_bZ88 1960
100 1 _aTripāṭhī, Rāmasāgara,
_d1917-
245 1 0 _aBihārī mīmāṃsā :
_bśāstrīya paddhati para Bihārī ke kāvya kā mūlyāṅkana /
_clekhaka, Rāmasāgara Tripāṭhī.
250 _a1. saṃskaraṇa.
260 _aDillī :
_bAśoka Prakāśana,
_c1960.
300 _a384 p. ;
_c23 cm.
546 _aIn Hindi.
504 _aIncludes bibliographical references (p. [378]-384).
600 0 0 _aVihārī Lāla,
_cKavi
_xCriticism and interpretation.
650 0 _aIndic poetry
_xHistory and criticism.
999 _c61383
_d61383